000
00296nam a2200121Ia 4500
008
190216s9999||||xx |||||||||||||| ||und||
100
_a
Ramamurti K S
245
0
_a
Perspectives On Modern English Prose
260
_b
Vikas Publications
_c
1993
300
_a
108p
650
_a
English
942
_c
BK
999
_c
13682
_d
13682